Hodnotenie spoľahlivosti ľudského faktora v technologických procesoch

Ľudský faktor ako významná časť systému človek – stroj. Charakteristika vybraných metód využívaných na hodnotenie spoľahlivosti ľudského faktora v technologickom procese.

Enregistré dans:
Détails bibliographiques
Auteur principal: Strelcová, Stanislava
Format: Chapitre de livre
Langue:slovaque
Sujets:
Tags: Ajouter un tag
Pas de tags, Soyez le premier à ajouter un tag!

MARC

LEADER 00000naa a2200000 4500
001 0168109
005 20220720101318.2
041 0 |a slo 
044 |a CZ 
245 1 0 |a Hodnotenie spoľahlivosti ľudského faktora v technologických procesoch  |c Stanislava Strelcová 
520 |a Ľudský faktor ako významná časť systému človek – stroj. Charakteristika vybraných metód využívaných na hodnotenie spoľahlivosti ľudského faktora v technologickom procese. 
610 2 0 |a zdroje ľudské 
610 2 0 |a výkony pracovné 
610 2 0 |a stresy 
610 2 0 |a človek-počítač 
100 1 |a Strelcová, Stanislava